Name the Anime Director Quiz Stats

 Plays Quiz not verified by Sporcle

Challenge
Share
Tweet
Embed
Score 0/13 Timer 11:00
0 Plays Today
Film/TV Series/OVA Director's Name % Correct
Spirited Away, Howl's Moving Castle, The Wind RisesHayao Miyazaki
95.6%
Perfect Blue, Paprika, Tokyo Godfathers, Millenum ActressSatoshi Kon
84.4%
The Girl Who Leapt Through Time, Wolf Children, Summer WarsMamoru Hosoda
77.8%
Children Who Chase Lost Voices, 5 Centimeters Per Second, The Place Promised In Our Early DaysMakoto Shinkai
68.9%
Grave Of The Fireflies, My Neighbors The Yamadas, The Tale Of Princess KaguyaIsao Takahata
64.4%
Eden Of The East (TV series, films), Ghost In The Shell: S.A.C ( 1, 2nd Gig, and S.S.S)Kenji Kamiyama
20%
Whisper Of The HeartYoshifumi Kondo
13.6%
Yu Yu Hakusho, Tokyo Mew Mew, BleachNoriyuki Abe
13.3%
FLCL(Furi Kuri)Kazuya Tsurumaki
8.9%
Air, Clannad, Clannad After Story, Kanon, The Melancholy Of Haruhi SuzumiyaTatsuya Ishihara
8.9%
Honey And Clover II, Toradora!, AnoHana, Ano Natsu de MatteruTatsuyuki Nagai
8.9%
Ouran High School Host Club, Soul Eater, Ashita no NadiaTakuya Igarashi
6.7%
Ergo Proxy, Witch Hunter ROBIN, Gundam Evolve 7Shuko Murase
4.4%

You're not logged in!

Compare scores with friends on all Sporcle quizzes.
Join for Free
OR
Log In

You Might Also Like...

Show Comments

Extras

Top Quizzes Today


Score Distribution

Your Account Isn't Verified!

In order to create a playlist on Sporcle, you need to verify the email address you used during registration. Go to your Sporcle Settings to finish the process.

Report this User

Report this user for behavior that violates our Community Guidelines.

Details: